[Event "K41 Foraars EMT Mester 2 2007"]
[Site "Valby"]
[Date "2007.03.13"]
[Round "1"]
[White "Nielsen, Michael"]
[Black "Brondum, Eric"]
[Result "1/2-1/2"]
[WhiteElo "2010"]
[BlackElo "2103"]
[PlyCount "54"]
[EventDate "2007.??.??"]

1. d4 Nf6 2. Bg5 Ne4 3. Bf4 c5 4. f3 Qa5+ 5. c3 Nf6 6. Nd2 cxd4 7. Nb3 Qb6 8.
Qxd4 Nc6 9. Qxb6 axb6 10. e4 d5 11. Bd3 e5 12. Be3 Be6 13. Bxb6 dxe4 14. Bc2
Nd7 15. Be3 exf3 16. Nxf3 h6 17. O-O Be7 18. Nfd2 O-O 19. Ne4 Rfc8 20. Rfd1 Nb4
21. Bb1 Nd5 22. Bf2 Nf4 23. Bc2 Nf6 24. Nxf6+ Bxf6 25. Be4 Rxa2 26. Rxa2 Bxb3
27. Raa1 Bxd1 1/2-1/2

[Event "K41 Foraars EMT Mester 2 2007"]
[Site "Valby"]
[Date "2007.03.13"]
[Round "1"]
[White "Nohr, Finn"]
[Black "Jensen, Soren Holm"]
[Result "1-0"]
[WhiteElo "2035"]
[BlackElo "1983"]
[PlyCount "47"]
[EventDate "2007.??.??"]

1. e4 e5 2. Nf3 Nc6 3. Bb5 a6 4. Ba4 Nf6 5. O-O Be7 6. Qe2 b5 7. Bb3 O-O 8. c3
d6 9. Rd1 Na5 10. Bc2 c5 11. d4 Qc7 12. h3 Bd7 13. Bg5 cxd4 14. cxd4 Nc6 15.
Nc3 b4 16. Nd5 Nxd5 17. exd5 Nxd4 18. Rxd4 exd4 19. Bxe7 Bb5 20. Bxh7+ Kh8 21.
Qe4 Rae8 22. Bg8 Kxg8 23. Ng5 Bd3 24. Qxd3 1-0

[Event "K41 Foraars EMT Mester 2 2007"]
[Site "Valby"]
[Date "2007.03.13"]
[Round "1"]
[White "Nielsen, Borge Hjerrild"]
[Black "Akdag, Dara Sevkan"]
[Result "1-0"]
[WhiteElo "2084"]
[BlackElo "2003"]
[PlyCount "67"]
[EventDate "2007.??.??"]

1. d4 Nf6 2. c4 e6 3. Nc3 c5 4. d5 exd5 5. cxd5 d6 6. Nf3 g6 7. g3 Bg7 8. Bg2
O-O 9. O-O a6 10. a4 Nbd7 11. h3 Re8 12. Nd2 Rb8 13. Nc4 Ne5 14. Nxe5 Rxe5 15.
a5 Re8 16. Re1 Nh5 17. e4 Be5 18. Bd2 f5 19. exf5 Rf8 20. Be3 Bxf5 21. g4 Bd7
22. gxh5 Qh4 23. f4 Rxf4 24. Bxf4 Bxf4 25. Re4 Rf8 26. Qe1 Qxh5 27. Rxf4 Rxf4
28. Qe3 Rf8 29. Rf1 Rxf1+ 30. Bxf1 Qh4 31. Ne4 Qe7 32. Qf4 Bf5 33. Nxd6 Qc7 34.
Qe5 1-0

[Event "K41 Foraars EMT Mester 2 2007"]
[Site "Valby"]
[Date "2007.04.03"]
[Round "1"]
[White "Eriksson, Christian Altenburg"]
[Black "Ottosen, Peder"]
[Result "1-0"]
[WhiteElo "1988"]
[BlackElo "1999"]
[PlyCount "114"]
[EventDate "2007.??.??"]

1. e4 c5 2. c3 Nf6 3. e5 Nd5 4. d4 cxd4 5. Nf3 e6 6. cxd4 b6 7. Bd3 Bb4+ 8. Bd2
Bxd2+ 9. Nbxd2 d6 10. Ne4 dxe5 11. Qa4+ Bd7 12. Qa3 exd4 13. Nd6+ Kf8 14. Ne5
Qe7 15. Nexf7 Kg8 16. O-O Nc6 17. Bc4 Ndb4 18. Qg3 Qf6 19. a3 Na5 20. axb4 Nxc4
21. Nxh8 Nxd6 22. Qxd6 Bb5 23. Rfe1 Bc4 24. Rxa7 Rf8 25. Rf7 Rxf7 26. Nxf7 Qxf7
27. Qxd4 Bd5 28. Qxb6 Qg6 29. Qb8+ Kf7 30. Qc7+ Kg8 31. Qg3 Qc2 32. Qc3 Qg6 33.
f3 h5 34. h3 Qg3 35. Qe5 Qg6 36. Qe3 Qg3 37. Qf2 Qb8 38. Qd4 Qg3 39. Qe5 Qg6
40. b5 Kh7 41. Qe3 Kh8 42. b6 Qg3 43. Ra1 Qb8 44. Rc1 Qa8 45. Rc7 Qa1+ 46. Qc1
Qa5 47. Rc8+ Kh7 48. Qc2+ Kh6 49. Rh8+ Kg5 50. h4+ Kxh4 51. Qf2+ Kg5 52. Qe3+
Kg6 53. Qf2 Qb4 54. Rc8 Kf7 55. Rc7+ Kg8 56. Kh2 h4 57. Rc8+ Kh7 1-0

[Event "K41 Foraars EMT Mester 2 2007"]
[Site "Valby"]
[Date "2007.03.27"]
[Round "2"]
[White "Eriksson, Christian Altenburg"]
[Black "Nohr, Finn"]
[Result "1-0"]
[WhiteElo "1988"]
[BlackElo "2035"]
[PlyCount "57"]
[EventDate "2007.??.??"]

1. e4 c5 2. c3 Nf6 3. e5 Nd5 4. d4 cxd4 5. Nf3 e6 6. cxd4 d6 7. Bd3 Bd7 8. O-O
Bc6 9. Nc3 Nd7 10. Qe2 Nxc3 11. bxc3 dxe5 12. Nxe5 Nxe5 13. Qxe5 Qd6 14. Qg5
Qd5 15. Qxd5 Bxd5 16. c4 Bc6 17. d5 O-O-O 18. dxc6 Rxd3 19. cxb7+ Kxb7 20. Rb1+
Kc7 21. Be3 Ra3 22. Rb2 a5 23. c5 Be7 24. Bf4+ Kc6 25. Rc1 Rc8 26. Rb6+ Kd5 27.
c6 Ra4 28. Be3 Bd6 29. Rd1+ 1-0

[Event "K41 Foraars EMT Mester 2 2007"]
[Site "Valby"]
[Date "2007.03.27"]
[Round "2"]
[White "Jensen, Soren Holm"]
[Black "Nielsen, Borge Hjerrild"]
[Result "1/2-1/2"]
[WhiteElo "1983"]
[BlackElo "2084"]
[PlyCount "98"]
[EventDate "2007.??.??"]

1. e4 c6 2. d4 d5 3. Nc3 dxe4 4. Nxe4 Nd7 5. Nf3 Ngf6 6. Nxf6+ Nxf6 7. Ne5 Be6
8. c3 g6 9. Bd3 Bg7 10. O-O O-O 11. Re1 Rc8 12. Be3 Nd7 13. Nxd7 Qxd7 14. Qe2
Bf5 15. Bc4 Rfe8 16. Qf3 Be6 17. Bxe6 Qxe6 18. Bg5 Qd7 19. Rad1 e6 20. Qe3 Qd5
21. b4 a5 22. a3 Ra8 23. Ra1 Qc4 24. Bf4 axb4 25. axb4 Ra2 26. Rxa2 Qxa2 27.
Qd2 Ra8 28. Qxa2 Rxa2 29. Rc1 Kf8 30. Kf1 Ke8 31. Ke1 Bf6 32. Be3 Be7 33. Bd2
b5 34. Kd1 Kd7 35. Rc2 Ra1+ 36. Ke2 Kd6 37. Bf4+ Kd5 38. Kd3 Rd1+ 39. Rd2 Rxd2+
40. Bxd2 Bd6 41. h3 e5 42. dxe5 Bxe5 43. Be3 Bd6 44. f3 Bg3 45. Bb6 f5 46. Bd4
h5 47. Be3 Bd6 48. Bd4 Be7 49. Bf2 Bd6 1/2-1/2

[Event "K41 Foraars EMT Mester 2 2007"]
[Site "Valby"]
[Date "2007.03.27"]
[Round "2"]
[White "Ottosen, Peder"]
[Black "Brondum, Eric"]
[Result "1/2-1/2"]
[WhiteElo "1999"]
[BlackElo "2103"]
[PlyCount "78"]
[EventDate "2007.??.??"]

1. d4 Nf6 2. c4 g6 3. Nc3 Bg7 4. Nf3 O-O 5. Bg5 d6 6. e3 Nbd7 7. Qc2 c6 8. Bd3
a6 9. O-O b5 10. b3 h6 11. Bh4 g5 12. Bg3 Nh5 13. Bh7+ Kh8 14. Be4 Bb7 15. Rad1
Nxg3 16. hxg3 Rc8 17. c5 Qc7 18. b4 Rcd8 19. cxd6 exd6 20. Nd5 Qb8 21. Ne7 d5
22. Bf5 Qd6 23. Bxd7 Qxe7 24. Bf5 Qxb4 25. Ne5 Bxe5 26. dxe5 Qe7 27. f4 c5 28.
Kf2 d4 29. exd4 Rxd4 30. Rh1 Kg7 31. Rxh6 Kxh6 32. Rh1+ Kg7 33. Rh7+ Kg8 34.
Qe2 Qd8 35. Kg1 Rxf4 36. gxf4 Qd4+ 37. Kh1 Qxf4 38. Rh8+ Kg7 39. Rh7+ Kg8
1/2-1/2

[Event "K41 Foraars EMT Mester 2 2007"]
[Site "Valby"]
[Date "2007.03.27"]
[Round "2"]
[White "Akdag, Dara Sevkan"]
[Black "Nielsen, Michael"]
[Result "1/2-1/2"]
[WhiteElo "2003"]
[BlackElo "2010"]
[PlyCount "123"]
[EventDate "2007.??.??"]

1. d4 Nf6 2. c4 c5 3. d5 b5 4. cxb5 a6 5. b6 Qxb6 6. Nc3 g6 7. e4 d6 8. Nf3 Bg7
9. Nd2 Nbd7 10. a4 a5 11. Bb5 O-O 12. Nc4 Qc7 13. O-O Ba6 14. Bd2 Ne8 15. Ra2
Ne5 16. Nxe5 Bxe5 17. Bxa6 Rxa6 18. Nb5 Qd7 19. Na3 e6 20. Nc4 exd5 21. exd5
Nf6 22. Bxa5 Qb7 23. Nxe5 Rxa5 24. Nc4 Ra6 25. Ne3 Re8 26. b3 Re4 27. Rd2 Rb4
28. Rd3 Qb8 29. Nc4 Ra7 30. Re1 Ne8 31. Rde3 Ng7 32. Qf3 h6 33. Qg3 Rd7 34. Na5
Rb6 35. Nc6 Qf8 36. Qh3 Rdb7 37. a5 Ra6 38. g4 Kh7 39. Qf1 Ra8 40. a6 Rc7 41.
Qb5 Qc8 42. a7 Qxg4+ 43. Kh1 Qf5 44. Qd3 Qxd3 45. Rxd3 Nf5 46. b4 cxb4 47. Rb3
Raxa7 48. Nxa7 Rxa7 49. Rxb4 Ra5 50. Rd1 Kg7 51. Kg2 Kf6 52. Re4 Rc5 53. Kf3
Rc3+ 54. Kg2 Rc5 55. Rd3 Ne7 56. Rf4+ Nf5 57. Kf3 Rb5 58. Rc4 Rb1 59. Ke2 Rb2+
60. Rd2 Rb3 61. f3 Re3+ 62. Kf2 1/2-1/2

[Event "K41 Foraars EMT Mester 2 2007"]
[Site "Valby"]
[Date "2007.04.17"]
[Round "3"]
[White "Nielsen, Borge Hjerrild"]
[Black "Eriksson, Christian Altenburg"]
[Result "0-1"]
[WhiteElo "2084"]
[BlackElo "1988"]
[PlyCount "74"]
[EventDate "2007.??.??"]

1. d4 Nf6 2. c4 e6 3. Nc3 Bb4 4. Qc2 O-O 5. Nf3 b6 6. e4 d5 7. cxd5 exd5 8. e5
Ne4 9. Bd3 f5 10. a3 Bxc3+ 11. bxc3 c5 12. a4 Ba6 13. O-O Qc8 14. Ba3 Bxd3 15.
Qxd3 Qa6 16. Qxa6 Nxa6 17. Rfc1 Rfd8 18. Kf1 Nc7 19. Ke2 Ne6 20. g3 Rac8 21.
Bb2 Rc7 22. Ne1 Rdc8 23. f3 cxd4 24. fxe4 dxc3 25. Rxc3 Rxc3 26. Bxc3 Rxc3 27.
exd5 Nd4+ 28. Kf1 Kf7 29. Rd1 Rc4 30. Nd3 Nc2 31. Ke2 Re4+ 32. Kd2 Ne3 33. Re1
Nxd5 34. Rxe4 fxe4 35. Nf4 Nxf4 36. gxf4 Ke6 37. h4 a6 0-1

[Event "K41 Foraars EMT Mester 2 2007"]
[Site "Valby"]
[Date "2007.04.17"]
[Round "3"]
[White "Nielsen, Michael"]
[Black "Jensen, Soren Holm"]
[Result "1-0"]
[WhiteElo "2010"]
[BlackElo "1983"]
[PlyCount "63"]
[EventDate "2007.??.??"]

1. d4 d5 2. Nc3 Bf5 3. Bf4 Nf6 4. e3 e6 5. Bd3 Bxd3 6. Qxd3 c6 7. Nf3 Be7 8. g4
Nbd7 9. Rg1 a6 10. Ne5 c5 11. a3 Rc8 12. Rd1 Qb6 13. g5 Nh5 14. Nxd7 Kxd7 15.
dxc5 Nxf4 16. cxb6 Nxd3+ 17. Rxd3 Bd6 18. e4 Bxh2 19. Rg4 Be5 20. exd5 Bxc3+
21. bxc3 exd5 22. Rf4 Rhe8+ 23. Kd2 Re7 24. Rxd5+ Kc6 25. Rc4+ Kxd5 26. Rxc8
Rd7 27. c4+ Ke6+ 28. Kc3 Ke7 29. c5 Rd8 30. Rc7+ Rd7 31. c6 bxc6 32. b7 1-0

[Event "K41 Foraars EMT Mester 2 2007"]
[Site "Valby"]
[Date "2007.04.17"]
[Round "3"]
[White "Brondum, Eric"]
[Black "Akdag, Dara Sevkan"]
[Result "1-0"]
[WhiteElo "2103"]
[BlackElo "2003"]
[PlyCount "67"]
[EventDate "2007.??.??"]

1. d4 Nf6 2. c4 c5 3. d5 e6 4. Nc3 exd5 5. cxd5 d6 6. e4 g6 7. f4 Bg7 8. Bb5+
Nfd7 9. a4 O-O 10. Nf3 Na6 11. O-O Nc7 12. Bd3 a6 13. Qe1 Rb8 14. e5 Re8 15.
Qg3 Nb6 16. f5 Ncxd5 17. Bg5 Qd7 18. e6 fxe6 19. fxg6 h6 20. Bd2 Nxc3 21. bxc3
Nxa4 22. Qh4 Nxc3 23. Bxh6 Bxh6 24. Qxh6 Qg7 25. Qh7+ Qxh7 26. gxh7+ Kh8 27.
Ng5 Bd7 28. Nf7+ Kg7 29. h8=Q+ Rxh8 30. Nxh8 Rxh8 31. Ra3 Nd5 32. Be4 Rh5 33.
Rg3+ Kh6 34. Rf7 1-0

[Event "K41 Foraars EMT Mester 2 2007"]
[Site "Valby"]
[Date "2007.04.24"]
[Round "4"]
[White "Jensen, Soren Holm"]
[Black "Brondum, Eric"]
[Result "0-1"]
[WhiteElo "1983"]
[BlackElo "2103"]
[PlyCount "64"]
[EventDate "2007.??.??"]

1. e4 c5 2. Nf3 d6 3. d4 cxd4 4. Qxd4 Nc6 5. Bb5 Bd7 6. Bxc6 Bxc6 7. Nc3 e5 8.
Qd3 h6 9. Be3 Nf6 10. O-O-O Qa5 11. Kb1 Be7 12. h3 b5 13. Nd2 Rb8 14. f3 O-O
15. g4 b4 16. Nb3 Qc7 17. Nd5 Nxd5 18. exd5 Bb5 19. Qd2 Rfc8 20. h4 a5 21. h5
a4 22. Nc5 dxc5 23. g5 Bxg5 24. Bxg5 hxg5 25. Qxg5 Qd8 26. Qg3 Qf6 27. h6 g6
28. h7+ Kh8 29. Rh4 b3 30. axb3 axb3 31. cxb3 Bd7 32. Kc1 Rxb3 0-1

[Event "K41 Foraars EMT Mester 2 2007"]
[Site "Valby"]
[Date "2007.04.24"]
[Round "4"]
[White "Ottosen, Peder"]
[Black "Akdag, Dara Sevkan"]
[Result "1-0"]
[WhiteElo "1999"]
[BlackElo "2003"]
[PlyCount "89"]
[EventDate "2007.??.??"]

1. d4 Nf6 2. c4 c5 3. dxc5 e6 4. a3 Bxc5 5. Nf3 O-O 6. e3 d5 7. b4 Be7 8. Nbd2
a6 9. Bb2 Nbd7 10. Be2 Ne4 11. Nxe4 dxe4 12. Nd2 f5 13. O-O Bf6 14. Bxf6 Qxf6
15. c5 Qh4 16. Nc4 Rf6 17. Nd6 Ne5 18. Qd4 Nc6 19. Qc4 Rh6 20. h3 Qg5 21. Kh1
Qf6 22. f4 Ne7 23. Rad1 g5 24. Ne8 Qg6 25. Nc7 g4 26. g3 Rxh3+ 27. Kg2 Rb8 28.
Rd8+ Kf7 29. Ne8 Qh6 30. Nd6+ Kg7 31. Kf2 Rh2+ 32. Ke1 Nc6 33. Qc3+ e5 34. Rxc8
Qe6 35. Rxb8 Kh6 36. Rxb7 Qa2 37. Nxf5+ Kg6 38. Nh4+ Kh6 39. Rf2 Rh1+ 40. Bf1
Qb1+ 41. Ke2 Qa2+ 42. Qd2 Qc4+ 43. Ke1 Nd4 44. exd4 exd4 45. Nf5+ 1-0

[Event "K41 Foraars EMT Mester 2 2007"]
[Site "Valby"]
[Date "2007.04.24"]
[Round "4"]
[White "Eriksson, Christian Altenburg"]
[Black "Nielsen, Michael"]
[Result "1/2-1/2"]
[WhiteElo "1988"]
[BlackElo "2010"]
[PlyCount "146"]
[EventDate "2007.??.??"]

1. e4 c5 2. c3 e6 3. d4 d5 4. e5 Nc6 5. Nf3 Qb6 6. a3 Bd7 7. b4 cxd4 8. cxd4
Nge7 9. Bb2 Rc8 10. Bd3 Nf5 11. Bxf5 exf5 12. O-O Be7 13. Nc3 Be6 14. Rc1 O-O
15. Na4 Qb5 16. Nc3 Qb6 17. Na4 Qb5 18. Nc5 a5 19. Ne1 axb4 20. a4 Qb6 21. Ned3
Na5 22. Rb1 Qa7 23. Qf3 Nc4 24. Bc1 Bxc5 25. dxc5 Qxa4 26. Rxb4 Qc6 27. Qg3 Kh8
28. Bf4 Rb8 29. h4 b6 30. Rfb1 Qc7 31. cxb6 Rxb6 32. Rxb6 Nxb6 33. h5 Rg8 34.
h6 gxh6 35. Qh4 Nd7 36. Rc1 Qd8 37. Qxh6 Qf8 38. Qh3 Qg7 39. f3 Qg6 40. Nb4 Re8
41. Rc6 Qg7 42. Nd3 Qg6 43. Bd2 f4 44. Rxe6 Qxe6 45. Nxf4 Qxh3 46. gxh3 Nxe5
47. Bc3 Kg8 48. Nxd5 Re6 49. Nf4 Nxf3+ 50. Kf2 Ng5 51. Nxe6 fxe6 52. Kg2 Kf7
53. Be1 Kg6 54. Kg3 Kf5 55. h4 Ne4+ 56. Kf3 e5 57. Bb4 Nf6 58. Be7 e4+ 59. Ke2
Nd5 60. Bg5 Nf4+ 61. Ke3 Ng2+ 62. Kf2 Nf4 63. Ke3 Nd5+ 64. Kd4 Nf4 65. Ke3 Ne6
66. Be7 Nc7 67. Bg5 Nb5 68. Be7 h6 69. Bf8 h5 70. Bh6 Nc7 71. Bg5 Nd5+ 72. Kd4
Nf4 73. Ke3 Ng6 1/2-1/2

[Event "K41 Foraars EMT Mester 2 2007"]
[Site "Valby"]
[Date "2007.05.01"]
[Round "5"]
[White "Brondum, Eric"]
[Black "Eriksson, Christian Altenburg"]
[Result "1-0"]
[WhiteElo "2103"]
[BlackElo "1988"]
[PlyCount "71"]
[EventDate "2007.??.??"]

1. d4 Nf6 2. Bg5 c5 3. Bxf6 gxf6 4. d5 Qb6 5. Qc1 d6 6. c3 Bf5 7. Nd2 Nd7 8.
Ngf3 Bh6 9. e3 Ne5 10. Nxe5 fxe5 11. Nc4 Qc7 12. a4 Rg8 13. Qd1 Bg7 14. Be2 Bf6
15. g4 Bg6 16. Rg1 h6 17. Bd3 O-O-O 18. h3 Kb8 19. Qc2 Qd7 20. a5 e6 21. Bxg6
Rxg6 22. O-O-O Qb5 23. Qe4 Be7 24. dxe6 Rxe6 25. Rd5 Qa4 26. Rgd1 b5 27. axb6
axb6 28. Nxd6 Qxe4 29. Nxe4 Rc8 30. Rd7 Rc7 31. c4 Bh4 32. R1d2 Kc8 33. Rxc7+
Kxc7 34. Kd1 Kc6 35. Rd5 b5 36. Rxc5+ 1-0

[Event "K41 Foraars EMT Mester 2 2007"]
[Site "Valby"]
[Date "2007.05.01"]
[Round "5"]
[White "Nielsen, Borge Hjerrild"]
[Black "Ottosen, Peder"]
[Result "1-0"]
[WhiteElo "2084"]
[BlackElo "1999"]
[PlyCount "81"]
[EventDate "2007.??.??"]

1. d4 d5 2. c4 c6 3. cxd5 cxd5 4. Nc3 Nc6 5. Bf4 Nf6 6. e3 a6 7. Bd3 Bg4 8. Nf3
e6 9. a3 Nh5 10. Bg3 Rc8 11. Rc1 h6 12. Be2 Nxg3 13. hxg3 Bd6 14. Na4 O-O 15.
O-O Qe7 16. Qd2 Na7 17. Rxc8 Rxc8 18. Rc1 b5 19. Rxc8+ Nxc8 20. Qc2 Qb7 21. Nc5
Qa8 22. Bd3 Nb6 23. Nh2 Bh5 24. b3 Qc8 25. f4 f6 26. Kf2 Bf7 27. Nf3 Nd7 28. b4
Nb6 29. Nd2 Nc4 30. Bxc4 dxc4 31. Nde4 Bb8 32. Nc3 e5 33. Qe4 exd4 34. exd4 Ba7
35. Qe7 Qa8 36. Qd7 Bb6 37. Qd6 Qa7 38. f5 Be8 39. Ne6 Bh5 40. Ke3 Bg4 41. Nd5
1-0

[Event "K41 Foraars EMT Mester 2 2007"]
[Site "Valby"]
[Date "2007.05.01"]
[Round "5"]
[White "Akdag, Dara Sevkan"]
[Black "Jensen, Soren Holm"]
[Result "1-0"]
[WhiteElo "2003"]
[BlackElo "1983"]
[PlyCount "127"]
[EventDate "2007.??.??"]

1. d4 d5 2. c4 e6 3. Nc3 Nf6 4. cxd5 exd5 5. Bg5 c6 6. Qc2 Be7 7. e3 O-O 8. Bd3
Nbd7 9. Nge2 Re8 10. O-O Ne4 11. Bf4 Nxc3 12. Nxc3 Nf8 13. Rae1 Bd6 14. Bxd6
Qxd6 15. f3 g6 16. Kh1 Be6 17. Qf2 Kg7 18. Bb1 Rad8 19. Rd1 Nd7 20. e4 Nb6 21.
e5 Qd7 22. f4 Bf5 23. Bxf5 Qxf5 24. g4 Qxg4 25. Rg1 Qd7 26. f5 Kh8 27. f6 Rg8
28. Qh4 Qf5 29. Rdf1 Qh5 30. Qf4 g5 31. Qf2 Na8 32. e6 Nc7 33. e7 Rde8 34. Re1
Qh4 35. Qxh4 gxh4 36. Rxg8+ Rxg8 37. Na4 Ne8 38. Rf1 Rg6 39. Nc5 Rxf6 40. Rxf6
Nxf6 41. Nxb7 Ne8 42. Nd8 Kg7 43. Nxc6 Kf6 44. Nxa7 Kxe7 45. Nb5 Kd7 46. Kg2
Kc6 47. a4 Ng7 48. Kf3 Ne6 49. Kg4 Ng7 50. Kxh4 h6 51. Kg4 f6 52. Kf4 Kb6 53.
b4 Kc6 54. Nc3 Ne6+ 55. Ke3 f5 56. b5+ Kd6 57. Ne2 Nc7 58. Kf4 Ke6 59. b6 Na6
60. Nc3 Nb8 61. Nb5 Kf6 62. Nc7 Ke7 63. Nxd5+ Kd6 64. Nb4 1-0

[Event "K41 Foraars EMT Mester 2 2007"]
[Site "Valby"]
[Date "2007.05.08"]
[Round "6"]
[White "Ottosen, Peder"]
[Black "Jensen, Soren Holm"]
[Result "1/2-1/2"]
[WhiteElo "1999"]
[BlackElo "1983"]
[PlyCount "99"]
[EventDate "2007.??.??"]

1. d4 d5 2. c4 e6 3. Nc3 Be7 4. Nf3 Nf6 5. Bg5 h6 6. Bh4 O-O 7. e3 b6 8. Bd3
Bb7 9. O-O Nbd7 10. Rc1 dxc4 11. Bxc4 c5 12. Qe2 Ne4 13. Nxe4 Bxe4 14. Bg3 Nf6
15. Rfd1 Bd5 16. Ba6 Ne4 17. Bf4 Bf6 18. Ne5 cxd4 19. exd4 Bg5 20. Nc6 Qd7 21.
Bxg5 Nxg5 22. Ne5 Qd6 23. Rd3 Be4 24. Rd2 f6 25. h4 Nh7 26. Qxe4 fxe5 27. Qxe5
Rad8 28. Qxd6 Rxd6 29. Rc7 Rf7 30. Rc8+ Nf8 31. f3 Rf4 32. Bc4 Kf7 33. Rc7+ Rd7
34. Rxd7+ Nxd7 35. Re2 Rxd4 36. Bxe6+ Kf6 37. Bxd7 Rxd7 38. Kf2 h5 39. Ke3 Re7+
40. Kd3 Rd7+ 41. Kc4 a6 42. Kc3 g6 43. Re4 Rd6 44. Ra4 b5 45. Rd4 Rc6+ 46. Kb3
Ke5 47. Re4+ Kf5 48. a3 Rd6 49. Re8 Kf4 50. Re2 1/2-1/2

[Event "K41 Foraars EMT Mester 2 2007"]
[Site "Valby"]
[Date "2007.05.08"]
[Round "6"]
[White "Nielsen, Borge Hjerrild"]
[Black "Nielsen, Michael"]
[Result "1/2-1/2"]
[WhiteElo "2084"]
[BlackElo "2010"]
[PlyCount "96"]
[EventDate "2007.??.??"]

1. d4 Nf6 2. c4 c5 3. d5 b5 4. cxb5 a6 5. bxa6 Bxa6 6. Nc3 d6 7. e4 Bxf1 8.
Kxf1 g6 9. g3 Bg7 10. Kg2 O-O 11. Nf3 Nbd7 12. Re1 Ra6 13. e5 dxe5 14. Nxe5
Nxe5 15. Rxe5 Qa8 16. Rxe7 Rd6 17. Qf3 Nxd5 18. Nxd5 Rxd5 19. Ra7 Qd8 20. Be3
Bxb2 21. Rb1 Rf5 22. Qc6 Bd4 23. Rd1 Qb8 24. Rb7 Qa8 25. Bxd4 cxd4 26. Rc7 Qxa2
27. Qc2 Qd5+ 28. Kg1 Rd8 29. Rc8 Rxc8 30. Qxc8+ Kg7 31. Qc2 Rf6 32. Qd3 Rd6 33.
h3 f5 34. h4 Qe4 35. Qa3 Qd5 36. Qd3 h6 37. Re1 Rd7 38. Rd1 Kf6 39. f3 Qe5 40.
Kf2 Qe3+ 41. Kf1 Qxd3+ 42. Rxd3 Ke5 43. Ke2 g5 44. hxg5 hxg5 45. Ra3 g4 46.
fxg4 fxg4 47. Kd3 Rd5 48. Ra8 Rb5 1/2-1/2

[Event "K41 Foraars EMT Mester 2 2007"]
[Site "Valby"]
[Date "2007.05.08"]
[Round "6"]
[White "Nohr, Finn"]
[Black "Brondum, Eric"]
[Result "0-1"]
[WhiteElo "2035"]
[BlackElo "2103"]
[PlyCount "82"]
[EventDate "2007.??.??"]

1. e4 g6 2. d4 Bg7 3. Nc3 d6 4. Be3 a6 5. Qd2 Nd7 6. O-O-O b5 7. f3 Bb7 8. a4
c6 9. Nb1 Ngf6 10. g4 Nb6 11. a5 Nc4 12. Bxc4 bxc4 13. Ne2 Nd7 14. f4 Nf6 15.
Ng3 Nxg4 16. Bg1 Bh6 17. h3 Nf6 18. Be3 Qc7 19. Rhf1 Bc8 20. f5 Bxe3 21. Qxe3
Qxa5 22. Na3 c3 23. Qxc3 Qxc3 24. bxc3 gxf5 25. exf5 Rg8 26. Rf3 a5 27. Re1 Ba6
28. c4 Kd8 29. Rfe3 Ra7 30. Kd2 Rg5 31. h4 Rg4 32. Ne4 Nxe4+ 33. Rxe4 Rxe4 34.
Rxe4 Bc8 35. Rf4 f6 36. d5 Rc7 37. Kd3 Ke8 38. Rf3 Kf7 39. Ke4 Bd7 40. Rb3
cxd5+ 41. cxd5 Ba4 0-1

[Event "K41 Foraars EMT Mester 2 2007"]
[Site "Valby"]
[Date "2007.05.11"]
[Round "7"]
[White "Jensen, Soren Holm"]
[Black "Eriksson, Christian Altenburg"]
[Result "0-1"]
[WhiteElo "1983"]
[BlackElo "1988"]
[PlyCount "84"]
[EventDate "2007.??.??"]

1. e4 c5 2. Nf3 Nc6 3. d4 cxd4 4. Nxd4 Nf6 5. Nc3 e5 6. Ndb5 d6 7. Bg5 a6 8.
Na3 b5 9. Nd5 Be7 10. Bxf6 Bxf6 11. c3 Bg5 12. Nc2 O-O 13. a4 bxa4 14. Rxa4 a5
15. Bc4 Rb8 16. b3 Kh8 17. O-O f5 18. exf5 Bxf5 19. Nce3 Bd7 20. Ra2 Qe8 21.
Qe2 Qg6 22. Kh1 Bf4 23. Re1 Qh6 24. g3 Bg5 25. Qd1 e4 26. Ng2 Rbe8 27. Bb5 Re5
28. c4 Qh3 29. Nde3 Be7 30. Bxc6 Bxc6 31. Qg4 Qh6 32. Nf4 Bg5 33. Nfd5 Bd8 34.
Kg1 Be8 35. Qe2 Bh5 36. Qf1 Bf3 37. Ng2 Rh5 38. h4 Bxh4 39. Ndf4 Rg5 40. Nxh4
Qxh4 41. Qh3 Qxf4 42. Rxa5 Qd2 0-1

[Event "K41 Foraars EMT Mester 2 2007"]
[Site "Valby"]
[Date "2007.05.15"]
[Round "7"]
[White "Akdag, Dara Sevkan"]
[Black "Nohr, Finn"]
[Result "1-0"]
[WhiteElo "2003"]
[BlackElo "2035"]
[PlyCount "131"]
[EventDate "2007.??.??"]

1. d4 Nf6 2. c4 c5 3. d5 b5 4. cxb5 a6 5. b6 Qxb6 6. Nc3 g6 7. e4 d6 8. Nf3 Bg7
9. Nd2 O-O 10. Nc4 Qc7 11. a4 a5 12. Bd3 Na6 13. Na3 Nb4 14. Bb5 Nd7 15. O-O f5
16. Qe2 Kh8 17. exf5 Rxf5 18. Qxe7 Re5 19. Qf7 Rf5 20. Qe8+ Rf8 21. Qe7 Bf6 22.
Qe2 Nb6 23. Bh6 Bg7 24. Bxg7+ Qxg7 25. Qd2 Bf5 26. Rae1 Rac8 27. b3 Qf7 28. Nc4
Nxc4 29. Bxc4 Nc2 30. Rc1 Nb4 31. Nb5 Rcd8 32. Rfe1 Kg8 33. Re6 Bxe6 34. dxe6
Qe7 35. Nc3 Rf5 36. Nd5 Nxd5 37. Bxd5 Re8 38. Re1 Kg7 39. Bc6 Rc8 40. Bd7 Rb8
41. Qc3+ Kg8 42. f3 Rb4 43. Qd3 Rf8 44. Bb5 Rd4 45. Qc3 Rf6 46. Bd7 Rb4 47. Qd3
Rf8 48. Re3 Rfb8 49. Bb5 Rd8 50. g3 d5 51. Bd7 d4 52. Re4 Rxd7 53. exd7 Qxd7
54. Re5 Qd6 55. f4 c4 56. bxc4 Rxa4 57. c5 Ra1+ 58. Kg2 Qc6+ 59. Kh3 Qd7+ 60.
f5 Ra4 61. c6 Qxc6 62. Qb3+ Kg7 63. Re7+ Kh6 64. Qf7 Kg5 65. Qxh7 Qc8 66. Qxg6#
1-0

[Event "K41 Foraars EMT Mester 2 2007"]
[Site "Valby"]
[Date "2007.05.15"]
[Round "7"]
[White "Nielsen, Michael"]
[Black "Ottosen, Peder"]
[Result "1-0"]
[WhiteElo "2010"]
[BlackElo "1999"]
[PlyCount "55"]
[EventDate "2007.??.??"]

1. d4 d5 2. Nc3 Nf6 3. Bg5 Nbd7 4. Nf3 g6 5. g3 Bg7 6. Bg2 O-O 7. O-O c6 8. Re1
Qb6 9. Rb1 e5 10. e3 Ne4 11. Nxe4 dxe4 12. Nxe5 Nxe5 13. dxe5 Bxe5 14. Bf4 Bf6
15. Bxe4 Be6 16. Bh6 Rfd8 17. Qf3 Bxb2 18. Bg5 Bxa2 19. Bf6 Bxb1 20. Rxb1 Qa5
21. Rxb2 Qe1+ 22. Kg2 Rd1 23. Kh3 b6 24. Qf4 Qf1+ 25. Bg2 Qa6 26. Bf3 Rd2 27.
Kg2 Qc8 28. Bc3 1-0